[Event "IND-ch U09 37th"]
[Site "Pune"]
[Date "2025.01.01"]
[Round "10"]
[White "Hriday, Garg"]
[Black "Gupta, Ayaan"]
[Result "1-0"]
[WhiteElo "1525"]
[BlackElo "1597"]
[PlyCount "113"]
[EventDate "2024.12.27"]
[EventType "swiss"]
[EventRounds "11"]
[EventCountry "IND"]
[SourceTitle "CB02_2025"]
[SourceDate "2025.01.08"]
[SourceVersion "1"]
[SourceVersionDate "2025.01.08"]
[SourceQuality "1"]

1. e4 g6 2. d4 Bg7 3. Nf3 d6 4. Bd3 Nf6 5. 0-0 0-0 6. Re1 Bg4 7. h3 Bxf3 8. Qxf3 Nc6 9. c3 e5 10. d5 Nb8 11. Nd2 Nbd7 12. Nf1 c6 13. c4 cxd5 14. cxd5 Nc5 15. Bb1 a5 16. Bg5 h6 17. Bh4 g5 18. Bg3 Qd7 19. Ne3 Kh7 20. Bc2 Ng8 21. Nf5 Ne7 22. Ne3 Kh8 23. Rac1 b5 24. Bb1 Rac8 25. h4 f6 26. Qh5 Qe8 27. Qe2 b4 28. Nc4 Qd8 29. Qg4 a4 30. f3 b3 31. a3 Qc7 32. Bf2 Ng6 33. Ne3 Ne7 34. Nf5 Nxf5 35. Qxf5 Qa5 36. Be3 Qa7 37. Bd3 Rc7 38. Kh2 Qa5 39. Bf1 Rfc8 40. hxg5 hxg5 41. Rcd1 Nb7 42. Bd2 Qa7 43. Qh3+ Kg8 44. Qe6+ Kh7 45. Kg3 Nc5 46. Qf5+ Kg8 47. Bb5 Qb6 48. Bc6 Rxc6 49. dxc6 Qxc6 50. Bb4 Kf7 51. Bxc5 dxc5 52. Rd7+ Kg8 53. Rh1 Kf8 54. Rxg7 Kxg7 55. Rh7+ Kf8 56. Qxc8+ Qxc8 57. Rh8+ 1-0

[Event "IND-ch U09 37th"]
[Site "Pune"]
[Date "2024.12.31"]
[Round "8"]
[White "Mehanathan, Harshavardan"]
[Black "Gupta, Ayaan"]
[Result "1-0"]
[WhiteElo "1483"]
[BlackElo "1597"]
[PlyCount "121"]
[EventDate "2024.12.27"]
[EventType "swiss"]
[EventRounds "11"]
[EventCountry "IND"]
[SourceTitle "CB02_2025"]
[SourceDate "2025.01.08"]
[SourceVersion "1"]
[SourceVersionDate "2025.01.08"]
[SourceQuality "1"]

1. e4 g6 2. d4 Bg7 3. Nc3 d6 4. Be3 a6 5. a4 Nf6 6. f3 0-0 7. g4 e5 8. dxe5 dxe5 9. Bd3 Nbd7 10. Qd2 Re8 11. h4 Nf8 12. h5 Be6 13. hxg6 fxg6 14. Bh6 Qe7 15. Nh3 c6 16. Bxg7 Qxg7 17. Ng5 b5 18. Qh2 Bd7 19. Qh6 c5 20. Qxg7+ Kxg7 21. axb5 axb5 22. 0-0 c4 23. Be2 h6 24. Nh3 Ne6 25. Kf2 Nd4 26. Rac1 b4 27. Nd1 Nxe2 28. Kxe2 Nxg4 29. Nhf2 Nxf2 30. Kxf2 Be6 31. Ke3 g5 32. Rg1 Kf6 33. Nf2 Ra2 34. Rb1 Rd8 35. Ng4+ Bxg4 36. fxg4 c3 37. bxc3 Rc8 38. cxb4 Rc3+ 39. Kd2 Rcxc2+ 40. Kd3 Rd2+ 41. Ke3 Rdb2 42. Kd3 Rd2+ 43. Ke3 Rh2 44. Kd3 Rh3+ 45. Kc4 Rc2+ 46. Kb5 Ke6 47. Kb6 Rhc3 48. b5 Kf6 49. Rbf1+ Kg6 50. Rd1 Rb3 51. Rd6+ Kf7 52. Rd5 Kf6 53. Rf1+ Ke6 54. Rh1 Rg2 55. Rxh6+ Kf7 56. Rd7+ Kg8 57. Rg6+ Kf8 58. Rc6 Ke8 59. Rh7 Kd8 60. Rg6 Ke8 61. Rg8# 1-0

[Event "IND-ch U09 37th"]
[Site "Pune"]
[Date "2024.12.30"]
[Round "6"]
[White "Advik, Amit Agrawal"]
[Black "Gupta, Ayaan"]
[Result "1-0"]
[WhiteElo "2064"]
[BlackElo "1597"]
[PlyCount "82"]
[EventDate "2024.12.27"]
[EventType "swiss"]
[EventRounds "11"]
[EventCountry "IND"]
[SourceTitle "CB02_2025"]
[SourceDate "2025.01.08"]
[SourceVersion "1"]
[SourceVersionDate "2025.01.08"]
[SourceQuality "1"]

1. e4 g6 2. d4 Bg7 3. Nc3 d6 4. Be3 a6 5. a4 Nf6 6. f3 0-0 7. Qd2 e5 8. Nge2 Nbd7 9. d5 Nb6 10. b3 Nbd7 11. g4 Qe7 12. 0-0-0 Rd8 13. Ng3 Nf8 14. g5 N8d7 15. h4 Nb8 16. Bh3 Bxh3 17. Rxh3 Qd7 18. Rdh1 b5 19. h5 bxa4 20. Nxa4 Qe7 21. hxg6 fxg6 22. Qh2 Nbd7 23. Ne2 Rab8 24. Nec3 Nb6 25. Nxb6 cxb6 26. Rxh7 Nxh7 27. Qxh7+ Kf7 28. Rh6 Rh8 29. Qxg6+ Kg8 30. Qxd6 Qxd6 31. Rxd6 Rh3 32. Bxb6 Rxf3 33. Kb2 Rc8 34. Ba5 Ra8 35. Rc6 Kf7 36. g6+ Kg8 37. d6 Rf6 38. Nd5 Rf4 39. d7 Rxe4 40. Rc8+ Rxc8 41. dxc8Q+ Bf8 1-0